| 000 | 00758mam a2200265 4500 | ||
|---|---|---|---|
| 001 | 469943 | ||
| 003 | ARRUPE | ||
| 005 | 20151024134807.0 | ||
| 008 | 860509m19661967enk 000 0 eng d | ||
| 035 | _a(OCoLC)987847 | ||
| 035 | _a(OCoLC)ocm00987847 | ||
| 035 | _a(CStRLIN)NYCG86-B47026 | ||
| 035 | _a(NNC)469943 | ||
| 040 |
_aNNC _cNNC |
||
| 050 | _aPR6045.O72.A16 | ||
| 100 | 1 |
_aWoolf, Virginia, _d1882-1941. _920211 |
|
| 245 | 1 | 0 |
_aCollected essays, _cby Virginia Woolf. |
| 260 |
_aLondon, _bChatto and Windus _c1966-1967. |
||
| 300 |
_a4v. _c21 cm. |
||
| 500 | _aDust jacket designed by Enid Marx. | ||
| 700 | 1 |
_aMarx, Enid, _d1902-1998. _4bjd. _5NNC _920521 |
|
| 700 | 1 |
_aWoolf, Leonard _eed. _920522 |
|
| 942 |
_2lcc _cMONOGRAPH |
||
| 999 |
_c123605 _d123605 |
||